| 000 | 00999cam a22002773a 4500 | ||
|---|---|---|---|
| 001 | 8678 | ||
| 003 | PGUSA | ||
| 005 | 20140828083203.0 | ||
| 008 | 050801s2005||||xxu|||||s|||||000 | eng d | ||
| 040 |
_aPGUSA _beng |
||
| 042 | _adc | ||
| 050 | 4 | _aDS | |
| 100 | 1 |
_aLeonowens, Anna Harriette, _d1831-1915 |
|
| 245 | 1 | 4 |
_aThe English Governess at the Siamese Court : _bBeing Recollections of Six Years in the Royal Palace at Bangkok _h[electronic resource] / _cAnna Harriette Leonowens |
| 260 |
_bProject Gutenberg, _c2005 |
||
| 506 | _aPublic domain in the USA. | ||
| 516 | _aElectronic text | ||
| 653 | _aBritish -- Thailand -- History -- 19th century | ||
| 653 | _aLeonowens, Anna Harriette, 1831-1915 -- Homes and haunts -- Thailand | ||
| 653 | _aGovernesses -- Thailand -- Biography | ||
| 653 | _aThailand -- Social life and customs | ||
| 653 | _aMongkut, King of Siam, 1804-1868 | ||
| 830 | 0 |
_aProject Gutenberg _v8678 |
|
| 856 | 4 | 0 | _uhttp://www.gutenberg.org/ebooks/8678 |
| 942 | _cEB | ||
| 999 |
_c237978 _d237978 |
||